Risultati Serie A 2023-2024 - 23ª giornata - Statistics

Statistiche generali
  • Questo quiz è stato fatto 6 volte
  • Il punteggio medio è 5 su 10
Statistiche sulle risposte
Hint Risposta % Corretto
Inter-Juventus 1-0
80%
Frosinone-Milan 2-3
80%
Empoli-Genoa 0-0
60%
Napoli-Verona 2-1
60%
Roma-Cagliari 4-0
60%
Torino-Salernitana 0-0
40%
Udinese-Monza 0-0
40%
Atalanta-Lazio 3-1
40%
Bologna-Sassuolo 4-2
40%
Lecce-Fiorentina 3-2
20%
Nessun quiz corrispondente trovato
Distribuzione punteggi
Percentuale di utenti per punteggio
Percentile per numero di risposta
I tuoi punteggi nel tempo
Non hai fatto questo quiz